|
|
|
|
| LEADER |
01243nam a2200301 a 4500 |
| 001 |
45795465 |
| 008 |
090825r20001999nyua 000 0 eng d |
| 020 |
|
|
|a 8175152192
|
| 040 |
|
|
|a LKR
|c LKR
|d VHB
|d CD5
|d PCX
|
| 082 |
0 |
4 |
|a 378.16/64
|2 21
|
| 100 |
1 |
|
|a Green, Sharon,
|d 1939-
|
| 245 |
1 |
0 |
|a Barron's SAT 1 :
|b how to prepare for the SAT 1 /
|c Sharon Weiner Green and Ira K. Wolf.
|
| 246 |
3 |
|
|a How to prepare for the SAT one
|
| 246 |
1 |
4 |
|a Barron's how to prepare for the SAT I
|
| 246 |
3 |
0 |
|a SAT I
|
| 250 |
|
|
|a 22nd ed. (19999-2000 ed.)
|
| 260 |
|
|
|a Hauppauge, N.Y. ;
|a New Delhi :
|b Barron's,
|b Galgotia pulications pvt.ltd.,
|c 1999.[printing 2000]
|
| 300 |
|
|
|a x, 779 p. :
|b ill. ;
|c 28 cm.
|
| 500 |
|
|
|a "Students' #1 choice"--Cover.
|
| 504 |
|
|
|a Includes vocabulary flashcards perf-bound into book.
|
| 541 |
1 |
|
|e 00007892
|
| 650 |
|
0 |
|a SAT (Educational test)
|x Study guides.
|
| 650 |
|
0 |
|a Mathematics
|v Examinations, questions, etc.
|
| 700 |
1 |
|
|a Wolf, Ira K.
|
| 852 |
4 |
|
|a Ayesha Abed Library
|j General Shelf.
|
| 942 |
0 |
0 |
|0 1
|
| 999 |
|
|
|c 3534
|d 3534
|
| 952 |
|
|
|0 0
|1 0
|2 ddc
|4 0
|6 378_166400000000000_GRE_1999
|7 0
|9 3207
|a BRACUL
|b BRACUL
|c GEN
|d 2009-09-02
|g 247.00
|l 10
|m 47
|o 378.1664 GRE
|p 3010007892
|r 2025-02-03
|s 2025-01-20
|t 1
|w 2009-09-02
|y BK
|